Cơ sở dữ liệu /

Gorde:
Xehetasun bibliografikoak
Egile nagusia: Đỗ Trung Tuấn
Formatua: Sách giấy
Hizkuntza:Vietnamese
Argitaratua: H. : Đại học Quốc gia, 2004
Gaiak:
Etiketak: Etiketa erantsi
Etiketarik gabe, Izan zaitez lehena erregistro honi etiketa jartzen!
Thư viện lưu trữ: Thư viện Trường Đại học Đà Lạt
LEADER 00798nam a2200325 4500
001 DLU060051167
005 ##20060222
040 # # |a DLU  |b vie 
041 # # |a vie 
044 # # |a vn 
082 # # |a 005.74  |b DO-T 
100 # # |a Đỗ Trung Tuấn 
245 # # |a Cơ sở dữ liệu /  |c Đỗ Trung Tuấn 
260 # # |a H. :  |b Đại học Quốc gia,  |c 2004 
300 # # |a 337 tr. ;  |c 24 cm 
504 # # |a Tài liệu tham khảo :tr.337 
653 # # |a Công nghệ thông tin 
653 # # |a Cơ sở dữ liệu 
653 # # |a Giáo trình 
653 # # |a Tin học tư liệu 
923 # # |a 65/2005 
992 # # |a 34.500 
994 # # |a DLU 
900 # # |a True 
911 # # |a Đào Thị Thu Huyền 
925 # # |a G 
926 # # |a A 
927 # # |a SH 
980 # # |a Thư viện Trường Đại học Đà Lạt